[Event "New York Marshall CC"]
[Site "New York"]
[Date "1993.??.??"]
[Round "9"]
[White "Waitzkin, Joshua"]
[Black "Ashley, Maurice"]
[Result "1/2-1/2"]
[WhiteElo "2345"]
[BlackElo "2365"]
[PlyCount "25"]
[EventDate "1993.??.??"]
[EventType "tourn"]
[EventRounds "11"]
[EventCountry "USA"]
[EventCategory "4"]
[SourceTitle "CBM 035 Extra"]
[Source "ChessBase"]
[SourceDate "1993.09.01"]
[SourceVersion "1"]
[SourceVersionDate "1993.09.01"]
[SourceQuality "1"]

1. e4 e5 2. Nf3 Nc6 3. Bb5 a6 4. Ba4 Nf6 5. O-O Be7 6. Re1 b5 7. Bb3 d6 8. c3
O-O 9. d3 Re8 10. Nbd2 Bf8 11. Nf1 Na5 12. Bc2 c5 13. h3 1/2-1/2

[Event "New York Marshall CC"]
[Site "New York"]
[Date "1993.??.??"]
[Round "10"]
[White "Ashley, Maurice"]
[Black "Young, Ronald"]
[Result "1/2-1/2"]
[WhiteElo "2365"]
[BlackElo "2300"]
[PlyCount "81"]
[EventDate "1993.??.??"]
[EventType "tourn"]
[EventRounds "11"]
[EventCountry "USA"]
[EventCategory "4"]
[SourceTitle "CBM 035 Extra"]
[Source "ChessBase"]
[SourceDate "1993.09.01"]
[SourceVersion "1"]
[SourceVersionDate "1993.09.01"]
[SourceQuality "1"]

1. d4 Nf6 2. c4 c6 3. Nc3 d6 4. e4 e5 5. Nf3 Bg4 6. dxe5 Bxf3 7. gxf3 dxe5 8.
Qxd8+ Kxd8 9. Rg1 g6 10. Bg5 Nbd7 11. O-O-O Kc7 12. Bh3 h6 13. Bh4 g5 14. Bg3
h5 15. Bxd7 Nxd7 16. h4 Be7 17. Rh1 Rag8 18. Ne2 gxh4 19. Bxh4 Bxh4 20. Rxh4
Rg2 21. Rf1 Nc5 22. Kd2 Rd8+ 23. Kc2 Nd3 24. Rxh5 Nxf2 25. Rg1 Rxg1 26. Nxg1
Nd3 27. Rf5 Kb6 28. Ne2 Ne1+ 29. Kc1 Nd3+ 30. Kb1 Nb4 31. Rxf7 Rd1+ 32. Nc1 Rf1
33. Rd7 Nxa2 34. Kxa2 Rxc1 35. Re7 Rf1 36. Rxe5 Rxf3 37. b3 a5 38. Ka3 Rf2 39.
Re7 Re2 40. e5 Kc5 41. Rxb7 1/2-1/2

[Event "New York Marshall CC"]
[Site "New York"]
[Date "1993.??.??"]
[Round "11"]
[White "Ginsburg, Mark"]
[Black "Ashley, Maurice"]
[Result "0-1"]
[WhiteElo "2405"]
[BlackElo "2365"]
[PlyCount "70"]
[EventDate "1993.??.??"]
[EventType "tourn"]
[EventRounds "11"]
[EventCountry "USA"]
[EventCategory "4"]
[SourceTitle "CBM 035 Extra"]
[Source "ChessBase"]
[SourceDate "1993.09.01"]
[SourceVersion "1"]
[SourceVersionDate "1993.09.01"]
[SourceQuality "1"]

1. c4 c5 2. Nf3 Nf6 3. Nc3 e6 4. e3 Nc6 5. d4 d5 6. cxd5 exd5 7. Be2 cxd4 8.
Nxd4 Bd6 9. O-O O-O 10. Nf3 Bg4 11. b3 Rc8 12. Bb2 Bb8 13. Rc1 Re8 14. g3 a6
15. Na4 Ne4 16. Nd4 Bh3 17. Bg4 Bxf1 18. Bxc8 Qxc8 19. Qxf1 Ba7 20. Qg2 Bxd4
21. Bxd4 Qf5 22. Bb2 Nb4 23. g4 Qg6 24. f3 b5 25. fxe4 bxa4 26. exd5 h6 27. Bd4
Re4 28. h3 Nxd5 29. Qg3 axb3 30. Rc8+ Kh7 31. axb3 Nf4 32. Qf3 Nxh3+ 33. Qxh3
Rxg4+ 34. Kh2 Qf5 35. Rh8+ Kxh8 0-1

[Event "New York op1"]
[Site "New York"]
[Date "1993.??.??"]
[Round "?"]
[White "Fedorowicz, John P"]
[Black "Ashley, Maurice"]
[Result "0-1"]
[WhiteElo "2535"]
[BlackElo "2365"]
[PlyCount "46"]
[EventDate "1993.??.??"]
[EventType "swiss"]
[EventRounds "9"]
[EventCountry "USA"]
[SourceTitle "EXT 2004"]
[Source "ChessBase"]
[SourceDate "2003.11.25"]
[SourceVersion "1"]
[SourceVersionDate "2003.11.25"]
[SourceQuality "1"]

1. e4 c5 2. Nf3 d6 3. d4 cxd4 4. Nxd4 Nf6 5. Nc3 Nc6 6. Bg5 e6 7. Qd2 a6 8.
O-O-O h6 9. Be3 Qc7 10. f4 Be7 11. Be2 e5 12. Nf5 Bxf5 13. exf5 Rc8 14. Kb1 O-O
15. g4 d5 16. fxe5 d4 17. Bxd4 Rfd8 18. Qf4 Nxd4 19. Rxd4 Nd5 20. Rxd5 Rxd5 21.
f6 Bxf6 22. Nxd5 Qxc2+ 23. Ka1 Bxe5 0-1

[Event "New York op"]
[Site "New York"]
[Date "1993.??.??"]
[Round "2"]
[White "Privman, Boris"]
[Black "Ashley, Maurice"]
[Result "0-1"]
[WhiteElo "2280"]
[BlackElo "2365"]
[PlyCount "44"]
[EventDate "1993.04.07"]
[EventType "swiss"]
[EventRounds "9"]
[EventCountry "USA"]
[SourceTitle "TD"]
[Source "ChessBase"]
[SourceDate "1994.03.01"]
[SourceVersion "1"]
[SourceVersionDate "1994.03.01"]
[SourceQuality "1"]

1. d4 Nf6 2. g3 e6 3. Bg2 c5 4. c3 d5 5. Nf3 Nc6 6. O-O Bd6 7. b3 O-O 8. Bf4
Re8 9. dxc5 Bxc5 10. Ne5 Nd7 11. Nd3 Bb6 12. e4 dxe4 13. Bxe4 e5 14. Be3 Bxe3
15. fxe3 Nf6 16. Nc5 Qb6 17. Bxc6 Qxc6 18. b4 Bh3 19. Rf2 Rad8 20. Qe1 b6 21.
Nb3 Ne4 22. Re2 Bg4 0-1

[Event "New York op"]
[Site "New York"]
[Date "1993.??.??"]
[Round "3"]
[White "Ashley, Maurice"]
[Black "Fedorowicz, John P"]
[Result "1/2-1/2"]
[WhiteElo "2365"]
[BlackElo "2535"]
[PlyCount "60"]
[EventDate "1993.04.07"]
[EventType "swiss"]
[EventRounds "9"]
[EventCountry "USA"]
[SourceTitle "TD"]
[Source "ChessBase"]
[SourceDate "1994.03.01"]
[SourceVersion "1"]
[SourceVersionDate "1994.03.01"]
[SourceQuality "1"]

1. d4 Nf6 2. Nf3 g6 3. c4 Bg7 4. Nc3 O-O 5. e4 d6 6. Be2 e5 7. d5 a5 8. Bg5 h6
9. Bh4 Qe8 10. Nd2 Nh7 11. g4 Ng5 12. h3 Na6 13. f3 f5 14. Bf2 fxg4 15. fxg4
Rf4 16. h4 Nf7 17. Nf1 Bd7 18. Ng3 Nc5 19. Be3 a4 20. h5 Ng5 21. Bxc5 dxc5 22.
hxg6 Qxg6 23. Qd3 Nf7 24. O-O-O Bf6 25. Nf5 Bg5 26. Kb1 a3 27. b3 Qf6 28. Qh3
Kh7 29. Bd3 Nd6 30. Rh2 Bxf5 1/2-1/2

[Event "New York op"]
[Site "New York"]
[Date "1993.??.??"]
[Round "4"]
[White "Ashley, Maurice"]
[Black "Novikov, Igor A"]
[Result "1/2-1/2"]
[WhiteElo "2365"]
[BlackElo "2540"]
[PlyCount "89"]
[EventDate "1993.04.07"]
[EventType "swiss"]
[EventRounds "9"]
[EventCountry "USA"]
[SourceTitle "TD"]
[Source "ChessBase"]
[SourceDate "1994.03.01"]
[SourceVersion "1"]
[SourceVersionDate "1994.03.01"]
[SourceQuality "1"]

1. d4 d5 2. c4 e6 3. Nc3 c6 4. e4 dxe4 5. Nxe4 Bb4+ 6. Nc3 c5 7. Nf3 Nf6 8. Be3
cxd4 9. Nxd4 O-O 10. Qb3 Qe7 11. Be2 Ne4 12. Ndb5 Nxc3 13. Nxc3 Nc6 14. O-O b6
15. Ne4 f5 16. a3 Ba5 17. Qc2 fxe4 18. b4 Bxb4 19. axb4 Nxb4 20. Qxe4 Bb7 21.
Qg4 Qf7 22. Rfc1 Na6 23. Ra3 Nc5 24. Rca1 Bc6 25. h3 Ne4 26. Bd3 Nd6 27. Bd4
Rfe8 28. Be5 Nf5 29. Qf4 Re7 30. Kh2 Rd7 31. R1a2 Nh6 32. Qh4 Rf8 33. f4 Nf5
34. Bxf5 exf5 35. Rg3 Qe6 36. Re2 Be4 37. Rd2 g6 38. Qh6 Rff7 39. Rxd7 Rxd7 40.
h4 Qe7 41. h5 Qh4+ 42. Rh3 Qg4 43. Rg3 Qh4+ 44. Rh3 Qg4 45. Rg3 1/2-1/2

[Event "New York op"]
[Site "New York"]
[Date "1993.??.??"]
[Round "5"]
[White "Epishin, Vladimir"]
[Black "Ashley, Maurice"]
[Result "1-0"]
[WhiteElo "2620"]
[BlackElo "2365"]
[PlyCount "141"]
[EventDate "1993.04.07"]
[EventType "swiss"]
[EventRounds "9"]
[EventCountry "USA"]
[SourceTitle "TD"]
[Source "ChessBase"]
[SourceDate "1994.03.01"]
[SourceVersion "1"]
[SourceVersionDate "1994.03.01"]
[SourceQuality "1"]

1. d4 Nf6 2. c4 e6 3. Nf3 b6 4. g3 Ba6 5. b3 Bb4+ 6. Bd2 Be7 7. Bg2 c6 8. Bc3
d5 9. Ne5 Nfd7 10. Nxd7 Nxd7 11. Nd2 O-O 12. O-O Rc8 13. e4 c5 14. exd5 exd5
15. dxc5 dxc4 16. c6 cxb3 17. Re1 Bb5 18. axb3 Bxc6 19. Bxc6 Rxc6 20. Rxa7 Nf6
21. Qf3 Rc7 22. Rb7 Qd7 23. Rxc7 Qxc7 24. Be5 Qd7 25. Nc4 Qd5 26. Kg2 Bc5 27.
Rd1 Qxf3+ 28. Kxf3 Ra8 29. g4 h5 30. g5 Nh7 31. Bf4 Nf8 32. Be3 Ne6 33. h4 b5
34. Ne5 Bxe3 35. fxe3 b4 36. Rd5 Ra3 37. Rb5 Rxb3 38. Rb8+ Kh7 39. Nxf7 g6 40.
Ke4 Kg7 41. Ne5 Rb1 42. Rb7+ Kg8 43. Rb6 Nf8 44. Nxg6 Nd7 45. Rb5 b3 46. Kf5 b2
47. Nf4 Nc5 48. g6 Kg7 49. Nxh5+ Kh6 50. Nf4 Nd7 51. Rb7 Re1 52. Rxb2 Rxe3 53.
Re2 Ra3 54. Rd2 Ra7 55. Rd5 Nf8 56. h5 Ra4 57. Ne6 Nxe6 58. Kxe6 Ra1 59. Rd8
Rf1 60. Rh8+ Kg7 61. Rh7+ Kg8 62. Ra7 Rf2 63. h6 Re2+ 64. Kf5 Rf2+ 65. Ke4 Re2+
66. Kf4 Re8 67. Kg5 Re5+ 68. Kf6 Re8 69. h7+ Kh8 70. g7+ Kxh7 71. Ra1 1-0

[Event "St Martin op"]
[Site "St Martin"]
[Date "1993.??.??"]
[Round "4"]
[White "Ashley, Maurice"]
[Black "Arnason, Jon Loftur"]
[Result "0-1"]
[WhiteElo "2365"]
[BlackElo "2535"]
[PlyCount "118"]
[EventDate "1993.05.??"]
[EventType "swiss"]
[EventRounds "9"]
[EventCountry "FRA"]
[SourceTitle "TD"]
[Source "ChessBase"]
[SourceDate "1994.03.01"]
[SourceVersion "1"]
[SourceVersionDate "1994.03.01"]
[SourceQuality "1"]

1. e4 c5 2. Nf3 d6 3. d4 cxd4 4. Nxd4 Nf6 5. Nc3 a6 6. Bc4 e6 7. O-O b5 8. Bb3
Be7 9. Qf3 Qc7 10. Qg3 O-O 11. Bh6 Ne8 12. Rad1 Bd7 13. Nf3 Nc6 14. Ne2 a5 15.
c3 a4 16. Bc2 e5 17. Nd2 Be6 18. Bb1 Kh8 19. Be3 Nf6 20. f4 Nh5 21. Qf3 Nxf4
22. Nxf4 exf4 23. Qxf4 a3 24. b3 Bf6 25. Nf3 Ne5 26. Bd4 Bxb3 27. axb3 a2 28.
Bxa2 Rxa2 29. Nh4 Qc8 30. Nf5 Qe6 31. Qg3 Re2 32. Be3 Ng6 33. Rxd6 Qxe4 34.
Rxf6 gxf6 35. Bd4 Qe6 36. Ne3 Ne5 37. Rxf6 Qxf6 38. Bxe5 Re1+ 39. Qxe1 Qxe5 40.
Qd2 Re8 41. Nf1 Rc8 42. Qd7 Rc7 43. Qd8+ Kg7 44. c4 Qc5+ 45. Kh1 Re7 46. Qd2 b4
47. h3 Re6 48. g4 Qe5 49. Kg1 Qc3 50. Qg5+ Rg6 51. Qh4 Qxb3 52. Ng3 Qe3+ 53.
Kh1 Qc1+ 54. Kh2 Qd2+ 55. Kg1 Re6 56. Nf1 Re1 57. c5 Qd4+ 58. Qf2 Qxf2+ 59.
Kxf2 Rxf1+ 0-1

[Event "St Martin op"]
[Site "St Martin"]
[Date "1993.??.??"]
[Round "5"]
[White "Shabalov, Alexander"]
[Black "Ashley, Maurice"]
[Result "0-1"]
[WhiteElo "2575"]
[BlackElo "2365"]
[PlyCount "66"]
[EventDate "1993.05.??"]
[EventType "swiss"]
[EventRounds "9"]
[EventCountry "FRA"]
[SourceTitle "TD"]
[Source "ChessBase"]
[SourceDate "1994.03.01"]
[SourceVersion "1"]
[SourceVersionDate "1994.03.01"]
[SourceQuality "1"]

1. Nf3 Nf6 2. c4 c5 3. Nc3 e6 4. g3 Be7 5. Bg2 O-O 6. O-O a6 7. b3 b6 8. d4
cxd4 9. Nxd4 Ra7 10. Bb2 Bb7 11. e4 d6 12. Rc1 Nbd7 13. Qe2 Qa8 14. Rfe1 Re8
15. h3 Bf8 16. Kh2 Qb8 17. f4 g6 18. e5 dxe5 19. fxe5 Nh5 20. Bc6 Nxg3 21. Qf2
Nxe5 22. Rxe5 Qxe5 23. Qxg3 Qxd4 24. Rd1 Bd6 25. Qxd6 Qf2+ 26. Kh1 Qxb2 27. Ne4
Bxc6 28. Qxc6 Raa8 29. Rf1 f5 30. Nd6 Qe2 31. Rg1 Qe3 32. Kh2 Red8 33. Nxf5
exf5 0-1

[Event "St Martin op"]
[Site "St Martin"]
[Date "1993.??.??"]
[Round "6"]
[White "Ashley, Maurice"]
[Black "Yermolinsky, Alex"]
[Result "0-1"]
[WhiteElo "2365"]
[BlackElo "2615"]
[PlyCount "110"]
[EventDate "1993.05.??"]
[EventType "swiss"]
[EventRounds "9"]
[EventCountry "FRA"]
[SourceTitle "TD"]
[Source "ChessBase"]
[SourceDate "1994.03.01"]
[SourceVersion "1"]
[SourceVersionDate "1994.03.01"]
[SourceQuality "1"]

1. e4 Nf6 2. e5 Nd5 3. Bc4 Nb6 4. Bb3 c5 5. d3 Nc6 6. Nf3 d5 7. exd6 exd6 8.
O-O Be7 9. c3 Bg4 10. d4 cxd4 11. cxd4 O-O 12. Nc3 Bf6 13. Be3 Rc8 14. h3 Bh5
15. Bc2 Bg6 16. Bxg6 hxg6 17. Rc1 d5 18. Bf4 Qd7 19. Re1 Rfd8 20. g4 a6 21. b3
Be7 22. Rc2 Bb4 23. Re3 Re8 24. Rce2 Bxc3 25. Rxc3 Re4 26. Ne5 Nxe5 27. Rxc8+
Nxc8 28. Bxe5 f6 29. Bg3 Ne7 30. f3 Rxe2 31. Qxe2 Nc6 32. Qd2 Qe7 33. Bf2 Kf7
34. Kg2 Qd6 35. Qc1 g5 36. Qc2 Ne7 37. Bg3 Qc6 38. Qxc6 Nxc6 39. Bf2 Nb4 40.
Be1 Nxa2 41. Bd2 a5 42. Kf2 Ke6 43. Ke3 Kd7 44. f4 gxf4+ 45. Kxf4 g5+ 46. Kf5
Ke7 47. Kg6 b5 48. Bxa5 Nc1 49. Be1 Nxb3 50. h4 gxh4 51. Bxh4 Ke6 52. Bxf6 b4
53. g5 Nd2 54. Kh6 b3 55. g6 b2 0-1

[Event "New York Marshall/Enhance"]
[Site "New York"]
[Date "1994.??.??"]
[Round "1"]
[White "Ashley, Maurice"]
[Black "Remlinger, Larry"]
[Result "1/2-1/2"]
[WhiteElo "2475"]
[BlackElo "2455"]
[PlyCount "121"]
[EventDate "1994.??.??"]
[EventType "tourn"]
[EventRounds "5"]
[EventCountry "USA"]
[SourceTitle "EXT 1997"]
[Source "ChessBase"]
[SourceDate "1996.11.15"]
[SourceVersion "1"]
[SourceVersionDate "1996.11.15"]
[SourceQuality "1"]

1. e4 e6 2. d4 d5 3. exd5 exd5 4. c4 Bb4+ 5. Nc3 Ne7 6. Bd3 O-O 7. Nf3 dxc4 8.
Bxc4 Bg4 9. O-O Nbc6 10. Be3 Nf5 11. Qd3 Nd6 12. Bd5 Bf5 13. Qe2 Na5 14. Bg5
Qc8 15. Rfc1 Re8 16. Qf1 c6 17. a3 Bxc3 18. Rxc3 Be6 19. Bxe6 Qxe6 20. b4 Nac4
21. Re1 Qd5 22. Be7 f6 23. Bxd6 Nxd6 24. Rc5 Qb3 25. Ra1 Re7 26. d5 Ne4 27. Re1
Rae8 28. Rxe4 Rxe4 29. Nd2 Qxa3 30. Nxe4 Rxe4 31. dxc6 bxc6 32. Rxc6 Qxb4 33.
Rc8+ Kf7 34. Rc1 Re7 35. Qd1 g6 36. g3 Kg7 37. h4 Qa5 38. Qd6 Re1+ 39. Rxe1
Qxe1+ 40. Kg2 Qe8 41. f3 h5 42. Qa6 Qd7 43. Kh2 Qc7 44. Kh3 f5 45. Kg2 Qd7 46.
Kh2 Kh7 47. Kg2 Qd2+ 48. Kh3 Qd7 49. Kg2 Qc7 50. Kh3 Qb6 51. Qc8 Qd4 52. Qc6
Qa1 53. Kg2 Qb2+ 54. Kh3 Qd4 55. Kg2 Qg7 56. Qa6 Qc7 57. Kh3 Kg7 58. Kg2 Qc2+
59. Kh3 Qc7 60. Qa1+ Kh7 61. Qa6 1/2-1/2

[Event "New York Marshall/Enhance"]
[Site "New York"]
[Date "1994.??.??"]
[Round "2"]
[White "Klovsky, Rafail"]
[Black "Ashley, Maurice"]
[Result "0-1"]
[WhiteElo "2370"]
[BlackElo "2475"]
[PlyCount "76"]
[EventDate "1994.??.??"]
[EventType "tourn"]
[EventRounds "5"]
[EventCountry "USA"]
[SourceTitle "EXT 1997"]
[Source "ChessBase"]
[SourceDate "1996.11.15"]
[SourceVersion "1"]
[SourceVersionDate "1996.11.15"]
[SourceQuality "1"]

1. d4 Nf6 2. Nf3 e6 3. c4 b6 4. Nc3 Bb4 5. Bg5 Bb7 6. e3 h6 7. Bh4 Bxc3+ 8.
bxc3 d6 9. Bd3 Nbd7 10. O-O Qe7 11. Nd2 g5 12. Bg3 O-O-O 13. a4 h5 14. f3 a5
15. Rb1 Rdg8 16. c5 dxc5 17. Nc4 h4 18. Be5 g4 19. f4 h3 20. g3 Qd8 21. Qc2 Rh6
22. Nxa5 bxa5 23. Rxb7 Kxb7 24. Rb1+ Ka7 25. Qb3 Qa8 26. Rb2 Rb8 27. Bb5 Nxe5
28. fxe5 Ne4 29. c4 Nxg3 30. d5 Ne4 31. Qd3 exd5 32. cxd5 Rd8 33. Bc4 Ng5 34.
Qc3 Nf3+ 35. Kf2 Rb6 36. Qxa5+ Kb7 37. Rxb6+ cxb6 38. Qb5 Nxe5 0-1

[Event "New York Marshall/Enhance"]
[Site "New York"]
[Date "1994.??.??"]
[Round "3"]
[White "Mednis, Edmar John"]
[Black "Ashley, Maurice"]
[Result "1-0"]
[WhiteElo "2420"]
[BlackElo "2475"]
[PlyCount "91"]
[EventDate "1994.??.??"]
[EventType "tourn"]
[EventRounds "5"]
[EventCountry "USA"]
[SourceTitle "EXT 1997"]
[Source "ChessBase"]
[SourceDate "1996.11.15"]
[SourceVersion "1"]
[SourceVersionDate "1996.11.15"]
[SourceQuality "1"]

1. c4 c5 2. Nf3 Nf6 3. g3 e6 4. Bg2 Be7 5. O-O O-O 6. Nc3 a6 7. d4 cxd4 8. Qxd4
Nc6 9. Qf4 d6 10. Rd1 Bd7 11. b3 Rc8 12. Bb2 Qa5 13. Nd2 e5 14. Qf3 Nd4 15. Qd3
Bc6 16. e3 Bxg2 17. Kxg2 Ne6 18. Nde4 b5 19. cxb5 Nxe4 20. Nxe4 axb5 21. Nxd6
Rfd8 22. Nxc8 Rxd3 23. Nxe7+ Kf8 24. Rxd3 Kxe7 25. Bxe5 b4 26. Bd6+ Kf6 27. e4
g5 28. Rd5 Qb6 29. Rc1 Qa6 30. Rc2 h5 31. h4 gxh4 32. gxh4 Kg6 33. f4 Ng7 34.
Bxb4 Kh7 35. f5 Qf6 36. Be1 Qa1 37. Bf2 Qb1 38. Re2 Ne8 39. Rd7 Qc1 40. Rxf7+
Kg8 41. Rd7 Nf6 42. Rd6 Qf4 43. Bg3 Qg4 44. Re3 Kf7 45. e5 Ne8 46. Rd7+ 1-0

[Event "New York Marshall/Enhance"]
[Site "New York"]
[Date "1994.??.??"]
[Round "4"]
[White "Ashley, Maurice"]
[Black "London, Dimitri"]
[Result "1/2-1/2"]
[WhiteElo "2475"]
[BlackElo "2400"]
[PlyCount "60"]
[EventDate "1994.??.??"]
[EventType "tourn"]
[EventRounds "5"]
[EventCountry "USA"]
[SourceTitle "EXT 1997"]
[Source "ChessBase"]
[SourceDate "1996.11.15"]
[SourceVersion "1"]
[SourceVersionDate "1996.11.15"]
[SourceQuality "1"]

1. Nf3 Nf6 2. g3 g6 3. Bg2 Bg7 4. O-O O-O 5. Re1 d5 6. d3 Nc6 7. Nbd2 e5 8. e4
d4 9. Nc4 Nd7 10. a4 a5 11. c3 Nc5 12. cxd4 exd4 13. Rf1 Nb4 14. Ne1 Be6 15. b3
c6 16. Ba3 b5 17. axb5 cxb5 18. Nd2 Qb6 19. f4 Ncxd3 20. Nxd3 Nxd3 21. Bxf8
Rxf8 22. Kh1 Rc8 23. Qf3 Rc3 24. e5 Nxe5 25. Qa8+ Rc8 26. Qxa5 Qxa5 27. Rxa5
Ng4 28. Ra8 Rxa8 29. Bxa8 Bf8 30. Nf3 Bxb3 1/2-1/2

[Event "New York Murphy-ACF2"]
[Site "New York"]
[Date "1994.??.??"]
[Round "?"]
[White "Ashley, Maurice"]
[Black "Young, Angelo"]
[Result "1/2-1/2"]
[WhiteElo "2460"]
[BlackElo "2280"]
[PlyCount "44"]
[EventDate "1994.??.??"]
[EventType "tourn"]
[EventRounds "3"]
[EventCountry "USA"]
[SourceTitle "EXT 1997"]
[Source "ChessBase"]
[SourceDate "1996.11.15"]
[SourceVersion "1"]
[SourceVersionDate "1996.11.15"]
[SourceQuality "1"]

1. e4 c5 2. Nf3 g6 3. Bc4 Bg7 4. O-O d6 5. Re1 Nc6 6. Nc3 e6 7. Bb5 e5 8. a3
Nge7 9. b4 O-O 10. Rb1 Nd4 11. Be2 h6 12. bxc5 dxc5 13. h3 b6 14. Bc4 Bb7 15.
d3 Kh7 16. Nxd4 cxd4 17. Ne2 f5 18. f3 Qc7 19. Bb3 a5 20. a4 Rf6 21. Ba3 Bf8
22. Bb2 Nc6 1/2-1/2

[Event "New York Murphy-ACF2"]
[Site "New York"]
[Date "1994.??.??"]
[Round "?"]
[White "Bonin, Jay R"]
[Black "Ashley, Maurice"]
[Result "1-0"]
[WhiteElo "2380"]
[BlackElo "2460"]
[PlyCount "119"]
[EventDate "1994.??.??"]
[EventType "tourn"]
[EventRounds "3"]
[EventCountry "USA"]
[SourceTitle "EXT 1997"]
[Source "ChessBase"]
[SourceDate "1996.11.15"]
[SourceVersion "1"]
[SourceVersionDate "1996.11.15"]
[SourceQuality "1"]

1. d4 Nf6 2. c4 e6 3. g3 c5 4. d5 exd5 5. cxd5 d6 6. Nc3 g6 7. Bg2 Bg7 8. Nf3
O-O 9. O-O Re8 10. Bf4 Ne4 11. Nxe4 Rxe4 12. Nd2 Re8 13. Nc4 g5 14. Bxd6 b5 15.
Be5 bxc4 16. Bxg7 Kxg7 17. d6 Bg4 18. Bxa8 Bxe2 19. Qd2 Bxf1 20. Rxf1 Re6 21.
Rd1 Nd7 22. Bg2 Ne5 23. Qd5 Nd3 24. d7 Re7 25. Bh3 f6 26. Qd6 Re2 27. Bf1 Re7
28. Qa6 Rxd7 29. Qxc4 Nxb2 30. Rxd7+ Qxd7 31. Qxc5 Na4 32. Qc2 Nb6 33. Bd3 h6
34. Qe2 Qf7 35. Qe4 Kf8 36. a4 Qe7 37. Qc6 Qd8 38. Be4 Nd7 39. Kg2 Ne5 40. Qc5+
Qe7 41. Qc8+ Kg7 42. Qf5 Kf8 43. Qc8+ Qe8 44. Qxe8+ Kxe8 45. f4 gxf4 46. gxf4
Nc4 47. Kg3 a5 48. Bd3 Nb6 49. Kg4 Ke7 50. Bc2 Nd5 51. Bb3 h5+ 52. Kf5 Ne3+ 53.
Ke4 Nf1 54. Bd1 h4 55. Be2 Nxh2 56. f5 Kd6 57. Kd4 h3 58. Ke4 Kc5 59. Kf4 Kd4
60. Ba6 1-0

[Event "New York MCC"]
[Site "New York"]
[Date "1994.??.??"]
[Round "1"]
[White "Ashley, Maurice"]
[Black "Sagalchik, Gennadij"]
[Result "1/2-1/2"]
[WhiteElo "2460"]
[BlackElo "2545"]
[PlyCount "85"]
[EventDate "1994.02.??"]
[EventType "tourn"]
[EventRounds "11"]
[EventCountry "USA"]
[EventCategory "9"]
[SourceTitle "CBM 043"]
[Source "ChessBase"]
[SourceDate "1994.12.01"]
[SourceVersion "1"]
[SourceVersionDate "1994.12.01"]
[SourceQuality "1"]

1. e4 e5 2. Nf3 Nc6 3. d4 exd4 4. Nxd4 Nf6 5. Nxc6 bxc6 6. e5 Ne4 7. Qf3 Ng5 8.
Qg3 Ne6 9. Bd3 d6 10. O-O dxe5 11. Qxe5 Qh4 12. Qe4 Qxe4 13. Bxe4 Bd7 14. Nd2
g6 15. Re1 Bg7 16. Nb3 O-O 17. Rb1 Rab8 18. Be3 Rb4 19. Bf3 Rfb8 20. Rbd1 Be8
21. c3 Ra4 22. Ra1 Bf8 23. Bd1 c5 24. Nd2 Ra6 25. Bb3 Ba4 26. Bxa4 Rxa4 27. b3
Ra6 28. Nc4 Bg7 29. Rec1 Rd8 30. Rc2 Rd5 31. Kf1 Nf8 32. Re1 Re6 33. Bf4 Rxe1+
34. Kxe1 Ne6 35. Be3 f5 36. f3 Kf7 37. Ke2 c6 38. a4 Nd4+ 39. cxd4 cxd4 40.
Bxd4 Bxd4 41. b4 Ke6 42. Na5 c5 43. b5 1/2-1/2

[Event "New York MCC"]
[Site "New York"]
[Date "1994.??.??"]
[Round "5"]
[White "Bonin, Jay R"]
[Black "Ashley, Maurice"]
[Result "1/2-1/2"]
[WhiteElo "2380"]
[BlackElo "2460"]
[PlyCount "74"]
[EventDate "1994.02.??"]
[EventType "tourn"]
[EventRounds "11"]
[EventCountry "USA"]
[EventCategory "9"]
[SourceTitle "CBM 043"]
[Source "ChessBase"]
[SourceDate "1994.12.01"]
[SourceVersion "1"]
[SourceVersionDate "1994.12.01"]
[SourceQuality "1"]

1. d4 Nf6 2. c4 e6 3. Nf3 b6 4. g3 Ba6 5. Nbd2 Bb7 6. Bg2 c5 7. d5 exd5 8. Nh4
g6 9. Nb1 Bg7 10. Nc3 O-O 11. O-O d6 12. Nxd5 Nxd5 13. Bxd5 Bxd5 14. Qxd5 Qd7
15. Rd1 Nc6 16. Nf3 Rfe8 17. Be3 Bxb2 18. Rab1 Bg7 19. Qxd6 Qxd6 20. Rxd6 Na5
21. Rc1 Rad8 22. Rxd8 Rxd8 23. Bd2 Nc6 24. Bc3 Bxc3 25. Rxc3 Rd1+ 26. Kg2 f6
27. a3 Kf7 28. Rd3 Rxd3 29. exd3 Ke6 30. Kf1 g5 31. h3 h5 32. Ke2 Ne5 33. Nd2
f5 34. f4 gxf4 35. gxf4 Nc6 36. Nf3 a6 37. d4 cxd4 1/2-1/2

[Event "New York MCC"]
[Site "New York"]
[Date "1994.??.??"]
[Round "7"]
[White "Berkovich, Dmitry"]
[Black "Ashley, Maurice"]
[Result "0-1"]
[WhiteElo "2415"]
[BlackElo "2460"]
[PlyCount "38"]
[EventDate "1994.02.??"]
[EventType "tourn"]
[EventRounds "11"]
[EventCountry "USA"]
[EventCategory "9"]
[SourceTitle "CBM 043"]
[Source "ChessBase"]
[SourceDate "1994.12.01"]
[SourceVersion "1"]
[SourceVersionDate "1994.12.01"]
[SourceQuality "1"]

1. d4 Nf6 2. c4 e6 3. Nc3 Bb4 4. Qc2 O-O 5. Nf3 c5 6. a3 Bxc3+ 7. Qxc3 cxd4 8.
Qxd4 Nc6 9. Qh4 d5 10. b4 dxc4 11. Qxc4 e5 12. Bb2 Be6 13. Qh4 Qd5 14. Qg5 Qb3
15. Rb1 Rfd8 16. g3 Nxb4 17. axb4 Ne4 18. Nd2 Nxd2 19. Qxe5 f6 0-1